[Event "HUN-chT2 Toth 1819"]
[Site "Hungary"]
[Date "2019.01.27"]
[Round "6.9"]
[White "Fridrik, Richard"]
[Black "Csibor, Andras"]
[Result "1-0"]
[WhiteElo "1763"]
[BlackElo "1807"]
[PlyCount "105"]
[EventDate "2018.09.23"]
[EventType "team-tourn"]
[EventRounds "11"]
[EventCountry "HUN"]
[SourceTitle "EXT 2021"]
[Source "ChessBase"]
[SourceDate "2020.10.23"]
[SourceVersion "1"]
[SourceVersionDate "2020.10.23"]
[SourceQuality "1"]
[WhiteTeam "Szeged Meritum"]
[BlackTeam "Mako Duocor II"]
[WhiteTeamCountry "HUN"]
[BlackTeamCountry "HUN"]

1. e4 e6 2. d4 d5 3. exd5 exd5 4. Bd3 Nf6 5. Nf3 Be7 6. 0-0 0-0 7. Ne5 Nbd7 8. f4 c5 9. c3 Ne4 10. Bxe4 dxe4 11. Qe2 f5 12. Qc4+ Kh8 13. Nf7+ Rxf7 14. Qxf7 Nf8 15. Be3 Be6 16. Qh5 Qb6 17. Qe2 Rc8 18. Rd1 cxd4 19. cxd4 Bc4 20. Qf2 Qa6 21. Nc3 b6 22. Rac1 Nd7 23. b3 Bd3 24. Nd5 Ba3 25. Rxc8+ Qxc8 26. Qd2 a5 27. Qc3 Qxc3 28. Nxc3 Nf6 29. h3 b5 30. Kf2 Bb2 31. Ne2 Ba3 32. Bc1 Bd6 33. Bd2 a4 34. Rc1 h6 35. Rc6 Ba3 36. bxa4 bxa4 37. Nc3 Bb2 38. Be3 a3 39. Nd1 Nd5 40. Rc8+ Kh7 41. Rd8 Nxe3 42. Kxe3 Bc1+ 43. Kf2 Bxf4 44. Ra8 Bc1 45. d5 f4 46. Nc3 Bb2 47. Ne2 e3+ 48. Kf3 g5 49. d6 Bb5 50. Ra7+ Kg6 51. Rc7 Be5 52. Rc5 Bxe2+ 53. Kxe2 1-0

[Event "HUN-chT2 Toth 1718"]
[Site "Hungary"]
[Date "2017.10.08"]
[Round "2.10"]
[White "Fridrik, Richard"]
[Black "Toth, David1111"]
[Result "1-0"]
[WhiteElo "1795"]
[BlackElo "1675"]
[PlyCount "115"]
[EventDate "2017.09.24"]
[EventType "team-tourn"]
[EventRounds "11"]
[EventCountry "HUN"]
[SourceTitle "EXT 2021"]
[Source "ChessBase"]
[SourceDate "2020.10.23"]
[SourceVersion "1"]
[SourceVersionDate "2020.10.23"]
[SourceQuality "1"]
[WhiteTeam "Szeged Meritum"]
[BlackTeam "Oroshaza"]
[WhiteTeamCountry "HUN"]
[BlackTeamCountry "HUN"]

1. e4 e6 2. d4 d5 3. exd5 exd5 4. Bd3 Bd6 5. Nf3 Nf6 6. Qe2+ Be7 7. 0-0 0-0 8. Bg5 Bg4 9. h3 Bh5 10. Nbd2 Nbd7 11. g4 Bg6 12. Ne5 Nxe5 13. dxe5 Ne4 14. Bf4 Nc5 15. Rae1 Ne6 16. Bg3 Nd4 17. Qd1 Qd7 18. f4 Bxd3 19. cxd3 Qb5 20. Nb3 Nxb3 21. axb3 a5 22. f5 f6 23. Qc2 c6 24. d4 a4 25. bxa4 Qxa4 26. Qf2 b6 27. exf6 Bxf6 28. Be5 Qb3 29. Re3 Qb4 30. Qf4 Qxb2 31. Bxf6 Ra2 32. Rf2 Qxf2+ 33. Qxf2 Rxf2 34. Kxf2 Rxf6 35. Kg3 Kf7 36. Ra3 Rd6 37. Ra7+ Kf8 38. Kf4 Ke8 39. Rxg7 Rd7 40. Rg8+ Kf7 41. Rb8 b5 42. Rc8 Re7 43. Rxc6 Re4+ 44. Kg5 Rxd4 45. Rc7+ Kf8 46. Kf6 Ke8 47. Ke6 Kd8 48. Rd7+ Kc8 49. Rxd5 Rxd5 50. Kxd5 Kd8 51. h4 Ke7 52. g5 Kd7 53. Kc5 b4 54. Kxb4 Kd6 55. f6 Ke6 56. Kc4 Kf7 57. Kd5 h6 58. Ke5 1-0

[Event "HUN-chT2 Toth 1617"]
[Site "Hungary"]
[Date "2016.10.09"]
[Round "2.9"]
[White "Fridrik, Richard"]
[Black "Csipai, Levente"]
[Result "0-1"]
[WhiteElo "1768"]
[BlackElo "1865"]
[PlyCount "66"]
[EventDate "2016.09.25"]
[EventType "team-tourn"]
[EventRounds "11"]
[EventCountry "HUN"]
[SourceTitle "EXT 2021"]
[Source "ChessBase"]
[SourceDate "2020.10.23"]
[SourceVersion "1"]
[SourceVersionDate "2020.10.23"]
[SourceQuality "1"]
[WhiteTeam "Szeged Meritum"]
[BlackTeam "Szentes Integral"]
[WhiteTeamCountry "HUN"]
[BlackTeamCountry "HUN"]

1. e4 c5 2. Nf3 Nc6 3. d4 cxd4 4. Nxd4 Nf6 5. Nc3 d6 6. Be2 g6 7. Be3 Bg7 8. Qd2 Bd7 9. 0-0 0-0 10. f4 a6 11. a4 Rc8 12. f5 Nxd4 13. Bxd4 Bc6 14. Bf3 Qa5 15. fxg6 hxg6 16. Be3 Qb4 17. Ra3 Qc4 18. Qd3 Qe6 19. Nd5 Nd7 20. Bd4 Ne5 21. Bxe5 Bxe5 22. b4 Bxd5 23. exd5 Qd7 24. Kh1 Qc7 25. Bd1 Kg7 26. g4 Rh8 27. Rf2 Qb6 28. Qf3 f6 29. Rb3 Qd4 30. Rg2 Rc4 31. Rd3 Qe4 32. Qxe4 Rxe4 33. Re2 Rxe2 0-1

[Event "HUN-chT2 Toth 1617"]
[Site "Hungary"]
[Date "2016.09.25"]
[Round "1.10"]
[White "Fridrik, Richard"]
[Black "Kovacs, Arthur"]
[Result "1/2-1/2"]
[WhiteElo "1768"]
[BlackElo "1999"]
[PlyCount "159"]
[EventDate "2016.09.25"]
[EventType "team-tourn"]
[EventRounds "11"]
[EventCountry "HUN"]
[SourceTitle "EXT 2021"]
[Source "ChessBase"]
[SourceDate "2020.10.23"]
[SourceVersion "1"]
[SourceVersionDate "2020.10.23"]
[SourceQuality "1"]
[WhiteTeam "Szeged Meritum"]
[BlackTeam "Mako Duocor II"]
[WhiteTeamCountry "HUN"]
[BlackTeamCountry "HUN"]

1. e4 c6 2. d4 d5 3. exd5 cxd5 4. Bd3 Nc6 5. c3 Nf6 6. Nf3 Bg4 7. 0-0 e6 8. Bf4 Bd6 9. Bxd6 Qxd6 10. Nbd2 0-0 11. h3 Bh5 12. Qe2 Qc7 13. g4 Bg6 14. Bxg6 hxg6 15. Ne5 Nxe5 16. Qxe5 Qxe5 17. dxe5 Nd7 18. Rae1 Rfc8 19. Nb3 Rc4 20. a3 a5 21. Re3 b5 22. Ra1 Ra4 23. Rd1 Rc8 24. Nd4 b4 25. axb4 axb4 26. b3 Ra2 27. cxb4 Rb8 28. b5 Nc5 29. f3 g5 30. Rc3 Nd7 31. Rdc1 Raa8 32. Kg2 Nxe5 33. Nc6 Nxc6 34. bxc6 Rb4 35. c7 Rc8 36. Kf2 Kf8 37. Ke2 Ke7 38. Ra1 Rb7 39. Kd3 Rbxc7 40. Rxc7+ Rxc7 41. Rb1 e5 42. b4 g6 43. Ra1 f5 44. Ra6 e4+ 45. fxe4 dxe4+ 46. Kd2 Kf7 47. b5 Rb7 48. Ra5 f4 49. Ke2 e3 50. Kf3 Ke7 51. Ke2 Kf7 52. Kf3 Re7 53. Ke2 f3+ 54. Ke1 f2+ 55. Ke2 Ke8 56. b6 Rb7 57. Rxg5 Rxb6 58. Re5+ Kf7 59. Rxe3 Rb2+ 60. Kf1 Kg7 61. Rf3 Rb1+ 62. Kxf2 Rb4 63. Kg3 Ra4 64. g5 Rb4 65. Rf4 Rb5 66. Kg4 Ra5 67. h4 Ra6 68. h5 gxh5+ 69. Kxh5 Rb6 70. Rc4 Ra6 71. Rc7+ Kg8 72. g6 Ra1 73. Rc4 Rh1+ 74. Kg5 Rg1+ 75. Rg4 Rxg4+ 76. Kxg4 Kg7 77. Kg5 Kg8 78. Kf6 Kf8 79. g7+ Kg8 80. Kg6 1/2-1/2

[Event "HUN-chT2 Toth 1516"]
[Site "Hungary"]
[Date "2015.10.18"]
[Round "3.10"]
[White "Fridrik, Richard"]
[Black "Hideg, Ferenc Bendeguz"]
[Result "1-0"]
[WhiteElo "1697"]
[BlackElo "1474"]
[PlyCount "59"]
[EventDate "2015.09.13"]
[EventType "team-tourn"]
[EventRounds "11"]
[EventCountry "HUN"]
[SourceTitle "CBM 170 Extra"]
[Source "ChessBase"]
[SourceDate "2016.02.25"]
[SourceVersion "1"]
[SourceVersionDate "2016.02.25"]
[SourceQuality "1"]
[WhiteTeam "Roszke"]
[BlackTeam "Felegyhaza Csongrad"]
[WhiteTeamCountry "HUN"]
[BlackTeamCountry "HUN"]

1. e4 d6 2. d4 Nf6 3. Nc3 c6 4. f4 Qa5 5. Bd3 e5 6. dxe5 dxe5 7. fxe5 Qxe5 8. Nf3 Qc7 9. 0-0 Bc5+ 10. Kh1 Ng4 11. Qe2 Nf2+ 12. Rxf2 Bxf2 13. Qxf2 0-0 14. Be3 b6 15. Ng5 h6 16. Bf4 Qe7 17. Nf3 Nd7 18. Qg3 Qe6 19. Nd4 Qg6 20. Qxg6 fxg6 21. Bd6 Rf6 22. e5 Rf2 23. Ne4 Rf5 24. Nxf5 gxf5 25. Nf2 g6 26. g4 fxg4 27. Bxg6 Kg7 28. Be4 Bb7 29. Nxg4 Re8 30. Rg1 1-0

[Event "HUN-chT2 Toth 1415"]
[Site "Hungary"]
[Date "2014.10.12"]
[Round "3.11"]
[White "Fridrik, Richard"]
[Black "Marton, Attila"]
[Result "1/2-1/2"]
[WhiteElo "1634"]
[BlackElo "1698"]
[PlyCount "69"]
[EventDate "2014.09.07"]
[EventType "team-tourn"]
[EventRounds "11"]
[EventCountry "HUN"]
[SourceTitle "EXT 2016"]
[Source "ChessBase"]
[SourceDate "2015.10.08"]
[SourceVersion "1"]
[SourceVersionDate "2015.10.08"]
[SourceQuality "1"]
[WhiteTeam "Roszke"]
[BlackTeam "Takisz"]
[WhiteTeamCountry "HUN"]
[BlackTeamCountry "HUN"]

1. e4 c6 2. d4 d5 3. exd5 cxd5 4. Nf3 Nf6 5. Bd3 Nc6 6. c3 Bg4 7. h3 Bxf3 8. Qxf3 e6 9. Bf4 Bd6 10. Nd2 Qc7 11. Bxd6 Qxd6 12. Qe3 Rc8 13. Nf3 a6 14. Ne5 Nd7 15. f4 0-0 16. 0-0 f6 17. Nxd7 Qxd7 18. Rae1 Rce8 19. Qg3 f5 20. Qh4 Qe7 21. Qxe7 Rxe7 22. Re2 g6 23. Rfe1 Rfe8 24. g4 Kf7 25. g5 h6 26. h4 hxg5 27. hxg5 Rh8 28. Kg2 Ree8 29. Rh1 Rxh1 30. Kxh1 Rh8+ 31. Rh2 Rxh2+ 32. Kxh2 Ke7 33. b3 Kd6 34. Kg3 b5 35. b4 1/2-1/2